| 000 | 01193nam a22003377a 4500 | ||
|---|---|---|---|
| 003 | CHAP | ||
| 005 | 20220329143555.0 | ||
| 008 | 100615s1987 mx a r 00010 spa d | ||
| 010 | _a98711 | ||
| 011 | _a99683 | ||
| 020 | _a9688220671 | ||
| 035 | _a110369 | ||
| 040 | _cCHAP | ||
| 082 | 1 | 4 |
_a615.856 _bAl86 |
| 100 | 1 |
_aÁlvarez Heydenreich, Laurencia. _982406 |
|
| 245 | 1 | 3 |
_aLa enfermedad y la cosmovisión en Hueyapan Morelos _c/por Laurencia Álvarez Heydenreich |
| 260 |
_aMéxico, D.F. : _bInstituto Nacional Indigenista, _c1987 |
||
| 300 |
_a304 p. : _bilus. |
||
| 490 | 0 |
_aColección SEP-INI. Serie de antropología social _v74 |
|
| 590 |
_aBATCH-UPD _b10 _c20130110 _lUCH01 _h0905 |
||
| 590 |
_aBATCH-UPD _b10 _c20130410 _lUCH01 _h0532 |
||
| 590 |
_aBATCH-UPD _b10 _c20130914 _lUCH01 _h1006 |
||
| 590 |
_aCONVERSION _b10 _c20130109 _lUCH01 _h1355 |
||
| 650 | 1 | 4 |
_aFolklore indígena. _942018 |
| 650 | 1 | 4 |
_aIndios de México _xMedicina. _957633 |
| 650 | 1 | 4 |
_aMedicina tradicional. _973921 |
| 830 | 0 |
_aColección SEP-INI. Serie de antropología social _v74 _924982 |
|
| 901 | _aBK | ||
| 942 | _cLIBRO | ||
| 949 |
_a615 856 Al86 _bBC _cLIBRO _d33724002178579 _eLIBRO _gI.c/e _h112894 _i110369 _sb |
||
| 999 |
_c98711 _d98711 |
||